| 000 | 01230cam a22002657a 4500 | ||
|---|---|---|---|
| 999 |
_c12324 _d12324 |
||
| 003 | OSt | ||
| 005 | 20240117103742.0 | ||
| 008 | 100624s2009 enka b 001 0 eng | ||
| 020 | _a9780500514702 (hbk.) | ||
| 042 | _alccopycat | ||
| 082 | 0 | 4 |
_a741.60 _222 _bDER |
| 100 | 1 | _aDermody, Brenda. | |
| 245 | 1 | 0 |
_aNew retro : _bclassic graphics, today's designs / _cBrenda Dermody, Teresa Breathnach. |
| 260 |
_aLondon ; _aNew York : _bThames & Hudson, _c2009. |
||
| 300 |
_a240 p. : _bill. (some col.) ; _c27 cm. |
||
| 504 | _aIncludes bibliographical references (p. 235) and index. | ||
| 505 | 0 | _aIntroduction: what is retro design? -- Retro elements -- 1850-1918 mechanization and reform -- 1918-1945 modernism -- 1945-1965 mid-century modern -- 1954-1980 experimentation and rationality -- Portfolio -- Editorial design -- Packaging design -- Identify design -- Typography and type design -- Promotional design. | |
| 650 | 0 | _aRetro (Style) | |
| 650 | 0 |
_aGraphic arts _xHistory _y21st century. |
|
| 650 | 0 |
_aGraphic design (Typography) _xHistory _y21st century. |
|
| 650 | 0 |
_aGraphic arts _xHistory _y20th century. |
|
| 650 | 0 |
_aGraphic design (Typography) _xHistory _y20th century. |
|
| 700 | 1 | _aBreathnach, Teresa. | |
| 942 | _2ddc | ||